000
00209 a2200097 4500
020
_a
027011006951
041
_a
eng
100
_a
Maria Angels Julivert
245
_a
The fascinating world of.. Wolves
942
_c
BK
999
_c
9560
_d
9560